Demora de la gratificación y conducta antisocial en los adolescentes (Record no. 65638)

MARC details
000 -CABECERA
campo de control de longitud fija 00597nam a2200205 a 4500
005 - FECHA Y HORA DE LA ÚLTIMA TRANSACCIÓN
campo de control 20210219153005.0
008 - ELEMENTOS DE LONGITUD FIJA--INFORMACIÓN GENERAL
campo de control de longitud fija 991125n 000 0 spa u
035 ## - NÚMERO DE CONTROL DEL SISTEMA
Número de control de sistema UPN01000071541
100 1# - ASIENTO PRINCIPAL--NOMBRE PERSONAL
Nombre de persona Carrillo de la Peña, María Teresa
222 #0 - TÍTULO CLAVE
Título clave ANALISIS Y MODIFICACION DE CONDUCTA
245 00 - MENCIÓN DE TÍTULO
Título Demora de la gratificación y conducta antisocial en los adolescentes
300 ## - DESCRIPCIÓN FÍSICA
Extensión 643-663
362 0# - FECHAS DE PUBLICACIÓN Y/O DESIGNACIÓN SECUENCIAL
Fecha de publicación y/o designación secuencial 1993 Vol. 19, no. 67
653 0# - TERMINO DE INDIZACION - NO CONTROLADO
Término no controlado ADOLESCENCIA
653 0# - TERMINO DE INDIZACION - NO CONTROLADO
Término no controlado CONDUCTA ANTISOCIAL
700 1# - ASIENTO SECUNDARIO--NOMBRE DE PERSONAL
Nombre de persona Luengo, Miguel Angel,
700 1# - ASIENTO SECUNDARIO--NOMBRE DE PERSONAL
Término indicativo de función/relación coaut.
904 ## - ELEMENTOS DE DATOS D LOCAL, LDD (RLIN)
a AC
b 009352
905 ## - TIPO DE MATERIAL
Tipo de material Articulo

No items available.